01159nam a2200253 a 450000100060000000300090000600800410001502000150005604000280007108200090009910000350010824500260014326000390016930000110020849000360021959000470025565000420030294200120034499900150035695201460037195201260051795201250064395201370076820096CO-ViMGA141112s2004 ck r 000 u spa d a8426102557 aCO-ViMGAbspacCO-ViMGA04aANDe1 aAndersen, Hans Christian9314910aCuentos de Andersen  aBarcelona : bEd. Juventud, c2002 a239 p.0 aColección cuentos universales aForma de adquisición : Premio Mincultura14aCUENTOS INFATILES - COLECCIONES93150 2ddccBK c9770d9770 00102ddc40708001aMEVIGAELAbMEVIGAELAd2015-12-04hVolumen. 1 | 11/jun/2009l0oANDe p20096r2015-12-04 00:00:00tEj. 1w2015-12-04yBK 00102ddc40708GENaMEDORADObMEDORADOcGENd2023-10-18l0oC ANN1pDOR03073r2023-10-18 19:51:57tEj.1w2023-10-18yBK 00102ddc40708INFaMEPLOPEZbMEPLOPEZcSInfd2025-05-09l0oANDepPLZ00886r2025-05-09 09:29:41tEj.1w2025-05-09yBK 00102ddc40708INFaMEACACIAbMEACACIAcSInfd2025-09-29l1oAND2pACA13941r2025-10-21 15:51:25s2025-09-29tEj.1w2025-09-29yBK